|
|
|
|
| LEADER |
00000cam a2200000 i 4500 |
| 001 |
1/21923 |
| 008 |
011001s1999 gr | ||| |||| ||gre|| |
| 020 |
|
|
|a 9607946200
|
| 035 |
|
|
|l 10067382
|
| 040 |
|
|
|a GR-MY-UA
|b gre
|e aacr
|
| 041 |
0 |
|
|a gre
|
| 082 |
0 |
|
|a 327.49501822
|
| 110 |
2 |
|
|a Ινστιτούτο Στρατηγικών και Αναπτυξιακών Μελετών "Ανδρέας Παπανδρέου".
|
| 245 |
1 |
0 |
|a Μεσόγειος θάλασσα και Αιγαίο Πέλαγος :
|b εισηγήσεις και συζήτηση /
|c Ινστιτούτο Στρατηγικών και Αναπτυξιακών Μελετών "Ανδρέας Παπανδρέου" ; επιμέλεια Μιχάλης Χρηστάκης
|
| 260 |
|
|
|a Αθήνα :
|b ΙΣΤΑΜΕ,
|c c1999
|
| 300 |
|
|
|a 143 σ.
|
| 500 |
|
|
|a Επιστημονικές ημερίδες
|
| 505 |
0 |
|
|a Μεσόγειος και δίκαιο της θάλασσας -- Η οικονομική ανάπτυξη παράγοντας ασφάλειας του Αιγαίου -- Το Αιγαίο Πέλαγος και η διεθνής διπλωματία
|
| 650 |
|
0 |
|a Law of the sea
|z Aegean Sea Region
|x Congresses.
|
| 650 |
|
0 |
|a Law of the sea
|z Mediterranean Region
|x Congresses.
|
| 651 |
|
0 |
|a Greece
|x Foreign relations
|z Turkey
|x Congresses.
|
| 700 |
1 |
|
|a Χρηστάκης, Μιχάλης.
|4 edt
|
| 711 |
2 |
|
|a Μεσόγειος και δίκαιο της θάλασσας
|d (1998:
|c Αθήνα)
|
| 711 |
2 |
|
|a Η οικονομική ανάπτυξη παράγοντας ασφάλειας του Αιγαίου
|d (1998:
|c Αθήνα)
|
| 711 |
2 |
|
|a Το Αιγαίο Πέλαγος και η διεθνής διπλωματία
|d (1998:
|c Αθήνα)
|
| 852 |
|
|
|a INST
|b LESVOS
|e 20011001
|h 327.49501822 ΙΝΣ
|p 005100028678
|q 005100028678
|t BK
|y 0
|
| 852 |
|
|
|a INST
|b LESVOS
|e 20011001
|h 327.49501822 ΙΝΣ
|p 005100028679
|q 005100028679
|t BK
|y 0
|
| 901 |
|
|
|a BIBL1-2001-3
|
| 909 |
|
|
|a Λ
|b 086974
|
| 909 |
|
|
|a Λ
|b 086975
|
| 970 |
|
|
|a ΤΖΑΦΕΡΗ
|b ΕΥΑΓΓΕΛΙΑ
|z 2001/10/01
|